000 00292nam a2200097Ia 4500
008 220204s9999 xx 000 0 und d
082 _a631.8:31
_bFER
245 0 _aAgricultural and fertiliser statistics : Southern region
260 _aMadras
_bFertiliser association of India
_c1995
942 _cBK
999 _c43774
_d43774